Science - Physics | 0 | 5 | 0 | 2 | 50 | 74 | 105.40 | 0 | 3 |
Fine Arts - Painting & Sculpture | 0 | 4 | 0 | 0 | 40 | 66 | 90.00 | 0 | 3 |
History - European History | 0 | 3 | 0 | 2 | 30 | 114 | 124.00 | 0 | 0 |
History - World History | 0 | 3 | 1 | 1 | 25 | 100 | 111.67 | 0 | 1 |
Fine Arts - Classical Music | 0 | 3 | 1 | 0 | 25 | 41 | 77.00 | 1 | 2 |
Literature - European Literature | 0 | 1 | 0 | 0 | 10 | 47 | 47.00 | 0 | 1 |
History - Other History | 0 | 1 | 0 | 0 | 10 | 130 | 130.00 | 0 | 1 |
Literature - British Literature | 0 | 1 | 0 | 1 | 10 | 135 | 135.00 | 0 | 0 |
Mythology | 0 | 1 | 0 | 1 | 10 | 135 | 135.00 | 0 | 0 |
Other | 0 | 1 | 0 | 0 | 10 | 94 | 94.00 | 0 | 0 |
Religion | 0 | 1 | 0 | 0 | 10 | 120 | 120.00 | 0 | 0 |
Science - Other Science | 0 | 1 | 1 | 0 | 5 | 74 | 74.00 | 0 | 1 |
Social Science | 0 | 0 | 0 | 0 | 0 | | 0.00 | 0 | 0 |
History - American History | 0 | 0 | 0 | 0 | 0 | | 0.00 | 0 | 0 |
Fine Arts - Other Fine Arts | 0 | 0 | 0 | 0 | 0 | | 0.00 | 0 | 0 |
Philosophy | 0 | 0 | 1 | 0 | -5 | | 0.00 | 0 | 0 |
Science - Chemistry | 0 | 0 | 1 | 0 | -5 | | 0.00 | 0 | 0 |